000 00746cam a2200217 4500
001 WB3628-26
008 000000n2000 000 0 eng u
035 _a(Sirsi) u107194
245 _aLocal planning inquiries
260 _c2000
490 _aDETR News Release
_v(478) 17 June 2000 (2)
520 _aGovernment has published draft proposals to phase in increases in Planning Inspectorate fees for local plan inquiries. It is anticipated full costs could be recovered from 2004.
590 _aWB
650 _aPLANNING INSPECTORATE
650 _aFEES
650 _aLOCAL DEVELOPMENT PLANS
650 _aCOSTS
650 _aPLANNING INQUIRIES
690 _aENVIRONMENTAL AND LAND CONSULTANCY-PLANNING AND DEVELOPMENT
942 _n0
999 _c64081
_d64081